A war decision against Germany (Fotocopia tomada de Allied Intervention in Bolshevik Russia)

সংরক্ষণ করুন:
গ্রন্থ-পঞ্জীর বিবরন
প্রধান লেখক: Kennan, George F.
বিন্যাস: পাঠ‍্য
প্রকাশিত: s.l.: s.e.
ট্যাগগুলো: ট্যাগ যুক্ত করুন
কোনো ট্যাগ নেই, প্রথমজন হিসাবে ট্যাগ করুন!

MARC

LEADER 00000 a a2200000 04500
001 23661
003
040
090 |a 165600  
100 |a Kennan, George F.  
245 |a A war decision against Germany (Fotocopia tomada de Allied Intervention in Bolshevik Russia)  
260 |a s.l.:   |b s.e.  
300 |a pp. 97-122  
999 |c 15880  |d 15880